000 00819nam0a22002651 4500
001 rc\3257094
005 20250609200443.0
021 _aRU
_b[69-33912]
035 _a(NLR Aleph) 007481941
090 _a7525852
_c7525852
100 _a20130115d1969 |||y0rusy50 ca
101 0 _arus
102 _aRU
105 _aa z |||||
200 1 _aДвойные жидкие системы
210 _a[Киев]
_cТехнiка
_d[1969]
215 _a219 с.
_cчерт.
_d20
320 _aБиблиогр.: с. 205-213 (451 назв.)
606 _aФизико-химические системы двойные, жидкие
_2psbo
700 1 _aФиалков
_bЮ.Я.
_gЮрий Яковлевич
801 0 _aRU
_bNLR
_gpsbo
801 1 _aRU
_bELAR
_2rusmarc
852 _aNLR
_j69-3/3684
942 _cBOOK
980 _aNB